[Event "ODJM A 2022"]
[Site "Willingen GER"]
[Date "2022.06.11"]
[Round "9"]
[White "Jenner, Meikel"]
[Black "Sabirov, Rafael"]
[Result "0-1"]
[Termination "normal"]
[Board "21"]
[WhiteElo "1981"]
[BlackElo "1704"]
[WhiteClock "00:34:37"]
[BlackClock "00:02:00"]
[PlyCount "88"]
[WhiteFideId "16245342"]
[BlackFideId "16241185"]
[EventCountry "GER"]
[EventRounds "9"]
[EventType "swiss"]
[EventDate "2022.06.04"]

1. e4 {[%clk 1:30:56]} c5 {[%clk 1:30:56]} 2. d4 {[%clk 1:31:18]} cxd4 {[%clk
1:31:20]} 3. c3 {[%clk 1:31:44]} Nf6 {[%clk 1:31:09]} 4. e5 {[%clk 1:31:45]}
Nd5 {[%clk 1:31:33]} 5. Qxd4 {[%clk 1:31:55]} e6 {[%clk 1:29:48]} 6. Nf3 {[%clk
1:31:50]} Nc6 {[%clk 1:22:17]} 7. Qe4 {[%clk 1:30:46]} d6 {[%clk 1:18:02]} 8.
Bb5 {[%clk 1:30:35]} Bd7 {[%clk 1:17:12]} 9. O-O {[%clk 1:23:00]} dxe5 {[%clk
1:11:23]} 10. Bxc6 {[%clk 1:15:31]} Bxc6 {[%clk 1:11:47]} 11. Nxe5 {[%clk
1:15:24]} Nf6 {[%clk 1:06:31]} 12. Nxc6 {[%clk 1:12:26]} Nxe4 {[%clk 1:06:47]}
13. Nxd8 {[%clk 1:12:52]} Rxd8 {[%clk 1:07:06]} 14. Be3 {[%clk 1:12:05]} Bc5
{[%clk 1:06:46]} 15. Bxc5 {[%clk 1:12:10]} Nxc5 {[%clk 1:07:09]} 16. Na3 {[%clk
1:12:31]} Na4 {[%clk 1:03:40]} 17. Rfd1 {[%clk 1:09:51]} Ke7 {[%clk 0:59:56]}
18. Kf1 {[%clk 1:09:51]} Nxb2 {[%clk 0:49:00]} 19. Rxd8 {[%clk 1:05:19]} Rxd8
{[%clk 0:49:19]} 20. Ke2 {[%clk 1:04:22]} Na4 {[%clk 0:47:28]} 21. Rc1 {[%clk
1:03:39]} e5 {[%clk 0:44:27]} 22. Nc4 {[%clk 1:02:55]} Ke6 {[%clk 0:44:06]} 23.
Ne3 {[%clk 1:02:24]} Rd6 {[%clk 0:43:29]} 24. Rc2 {[%clk 0:59:07]} f5 {[%clk
0:40:07]} 25. f3 {[%clk 0:58:37]} Rb6 {[%clk 0:38:27]} 26. Nc4 {[%clk 0:57:30]}
Rc6 {[%clk 0:38:13]} 27. Kd3 {[%clk 0:57:29]} Nc5+ {[%clk 0:36:28]} 28. Ke3
{[%clk 0:57:20]} b5 {[%clk 0:29:16]} 29. Nd2 {[%clk 0:53:58]} Na4 {[%clk
0:28:30]} 30. Kd3 {[%clk 0:52:59]} Nb6 {[%clk 0:26:40]} 31. Rb2 {[%clk
0:49:20]} a6 {[%clk 0:26:09]} 32. Rb3 {[%clk 0:44:47]} h6 {[%clk 0:23:24]} 33.
g3 {[%clk 0:42:17]} Na4 {[%clk 0:21:43]} 34. Ra3 {[%clk 0:41:09]} Kd5 {[%clk
0:20:53]} 35. h3 {[%clk 0:39:23]} Nc5+ {[%clk 0:20:17]} 36. Ke3 {[%clk
0:39:12]} g5 {[%clk 0:18:45]} 37. Ra5 {[%clk 0:38:31]} Re6 {[%clk 0:13:03]} 38.
g4 {[%clk 0:37:41]} f4+ {[%clk 0:12:09]} 39. Ke2 {[%clk 0:37:55]} Kc6 {[%clk
0:07:51]} 40. Nb3 {[%clk 0:35:03]} Kb6 {[%clk 0:05:10]} 41. Ra3 {[%clk
0:34:48]} e4 {[%clk 0:04:29]} 42. Nd4 {[%clk 0:34:03]} exf3+ {[%clk 0:02:09]}
43. Kxf3 {[%clk 0:34:21]} Re3+ {[%clk 0:02:14]} 44. Kg2 {[%clk 0:34:37]} b4
{[%clk 0:02:00]} 0-1

[Event "ODJM A 2022"]
[Site "Willingen GER"]
[Date "2022.06.11"]
[Round "9"]
[White "Bartelt, Max Peter"]
[Black "Schulz, Jannis"]
[Result "1/2-1/2"]
[Termination "normal"]
[Board "22"]
[WhiteElo "1959"]
[BlackElo "1810"]
[WhiteClock "00:00:38"]
[BlackClock "00:01:53"]
[PlyCount "149"]
[WhiteFideId "12967289"]
[BlackFideId "16224710"]
[EventCountry "GER"]
[EventRounds "9"]
[EventType "swiss"]
[EventDate "2022.06.04"]

1. d4 {[%clk 1:05:17]} d5 {[%clk 1:30:31]} 2. Nf3 {[%clk 1:05:43]} Nf6 {[%clk
1:29:07]} 3. g3 {[%clk 1:06:09]} e6 {[%clk 1:28:14]} 4. Bg2 {[%clk 1:06:35]} c5
{[%clk 1:27:53]} 5. O-O {[%clk 1:06:57]} Nc6 {[%clk 1:28:16]} 6. c4 {[%clk
1:07:23]} dxc4 {[%clk 1:26:05]} 7. Qa4 {[%clk 1:07:48]} Bd7 {[%clk 1:21:58]} 8.
Qxc4 {[%clk 1:08:11]} cxd4 {[%clk 1:17:44]} 9. Nxd4 {[%clk 1:08:36]} Rc8 {[%clk
1:17:58]} 10. Nc3 {[%clk 1:07:01]} Be7 {[%clk 1:15:02]} 11. Rd1 {[%clk
1:07:03]} Qb6 {[%clk 1:09:02]} 12. Nb3 {[%clk 0:55:11]} a6 {[%clk 0:57:49]} 13.
Be3 {[%clk 0:54:55]} Qb4 {[%clk 0:57:01]} 14. Qxb4 {[%clk 0:51:52]} Bxb4 {[%clk
0:55:55]} 15. Bg5 {[%clk 0:50:52]} Bxc3 {[%clk 0:37:52]} 16. bxc3 {[%clk
0:51:17]} Nd8 {[%clk 0:38:08]} 17. Na5 {[%clk 0:49:12]} b6 {[%clk 0:35:27]} 18.
Nb7 {[%clk 0:49:24]} Nxb7 {[%clk 0:33:55]} 19. Bxb7 {[%clk 0:49:47]} Rxc3
{[%clk 0:34:17]} 20. Bxa6 {[%clk 0:45:24]} Ra3 {[%clk 0:20:04]} 21. Bc4 {[%clk
0:43:46]} Ke7 {[%clk 0:18:09]} 22. e4 {[%clk 0:39:58]} h6 {[%clk 0:18:03]} 23.
Bc1 {[%clk 0:23:07]} Ra7 {[%clk 0:12:40]} 24. e5 {[%clk 0:22:46]} Ne4 {[%clk
0:12:34]} 25. f3 {[%clk 0:19:29]} Rc8 {[%clk 0:10:25]} 26. Rd4 {[%clk 0:18:47]}
Nc5 {[%clk 0:09:34]} 27. Rb1 {[%clk 0:17:34]} Na4 {[%clk 0:04:44]} 28. Ba3+
{[%clk 0:17:18]} Ke8 {[%clk 0:05:09]} 29. Bb4 {[%clk 0:06:28]} b5 {[%clk
0:03:16]} 30. Rxd7 {[%clk 0:04:02]} Kxd7 {[%clk 0:02:22]} 31. Bxb5+ {[%clk
0:04:28]} Kc7 {[%clk 0:02:44]} 32. Bd6+ {[%clk 0:04:38]} Kd8 {[%clk 0:02:52]}
33. Rb3 {[%clk 0:02:21]} Nc3 {[%clk 0:02:22]} 34. Bd3 {[%clk 0:02:13]} Nd5
{[%clk 0:02:31]} 35. a3 {[%clk 0:01:54]} g6 {[%clk 0:02:20]} 36. Kg2 {[%clk
0:01:56]} h5 {[%clk 0:02:38]} 37. Kh3 {[%clk 0:01:34]} Rc3 {[%clk 0:02:26]} 38.
Rb8+ {[%clk 0:01:54]} Rc8 {[%clk 0:02:52]} 39. Rb3 {[%clk 0:01:26]} Ne7 {[%clk
0:01:55]} 40. g4 {[%clk 0:00:52]} hxg4+ {[%clk 0:02:06]} 41. fxg4 {[%clk
0:30:30]} Ke8 {[%clk 0:29:49]} 42. Kh4 {[%clk 0:28:33]} Kf8 {[%clk 0:26:07]}
43. Kg5 {[%clk 0:28:58]} Kg7 {[%clk 0:26:27]} 44. h4 {[%clk 0:25:28]} Ng8
{[%clk 0:20:02]} 45. Rb6 {[%clk 0:18:30]} Rd8 {[%clk 0:16:23]} 46. Bb5 {[%clk
0:14:29]} Ne7 {[%clk 0:15:53]} 47. a4 {[%clk 0:13:25]} Nd5 {[%clk 0:15:16]} 48.
Rc6 {[%clk 0:13:27]} Rh8 {[%clk 0:12:54]} 49. Bc5 {[%clk 0:10:58]} Rc7 {[%clk
0:12:17]} 50. Rxc7 {[%clk 0:11:23]} Nxc7 {[%clk 0:12:44]} 51. Be7 {[%clk
0:09:44]} Ra8 {[%clk 0:11:00]} 52. Bf6+ {[%clk 0:10:08]} Kg8 {[%clk 0:11:12]}
53. Bc6 {[%clk 0:09:55]} Ra6 {[%clk 0:11:23]} 54. Bd7 {[%clk 0:09:45]} Nd5
{[%clk 0:10:02]} 55. h5 {[%clk 0:09:27]} gxh5 {[%clk 0:09:54]} 56. gxh5 {[%clk
0:09:48]} Ra7 {[%clk 0:09:05]} 57. Bb5 {[%clk 0:10:00]} Ne3 {[%clk 0:07:04]}
58. Bd8 {[%clk 0:09:10]} Ra8 {[%clk 0:05:46]} 59. Be7 {[%clk 0:08:21]} Rc8
{[%clk 0:05:04]} 60. h6 {[%clk 0:05:15]} Rc1 {[%clk 0:04:50]} 61. a5 {[%clk
0:04:13]} Rg1+ {[%clk 0:04:42]} 62. Kh5 {[%clk 0:04:35]} Nf5 {[%clk 0:04:05]}
63. Bc5 {[%clk 0:04:48]} Rc1 {[%clk 0:03:05]} 64. Bb6 {[%clk 0:04:40]} Ra1
{[%clk 0:02:24]} 65. a6 {[%clk 0:03:28]} Ne7 {[%clk 0:02:47]} 66. Bd8 {[%clk
0:03:38]} Ng6 {[%clk 0:02:29]} 67. Bd3 {[%clk 0:03:14]} Rd1 {[%clk 0:01:31]}
68. a7 {[%clk 0:03:13]} Ra1 {[%clk 0:01:58]} 69. Bxg6 {[%clk 0:02:56]} fxg6+
{[%clk 0:02:22]} 70. Kxg6 {[%clk 0:03:21]} Rxa7 {[%clk 0:02:44]} 71. Bf6 {[%clk
0:03:15]} Rh7 {[%clk 0:02:16]} 72. Bg5 {[%clk 0:03:06]} Rf7 {[%clk 0:02:33]}
73. Be3 {[%clk 0:03:15]} Rf3 {[%clk 0:02:14]} 74. Bc5 {[%clk 0:01:23]} Rf7
{[%clk 0:01:53]} 75. Bd6 {[%clk 0:00:38]} 1/2-1/2

[Event "ODJM A 2022"]
[Site "Willingen GER"]
[Date "2022.06.11"]
[Round "9"]
[White "Fock, Amina"]
[Black "Zha, Kevin"]
[Result "0-1"]
[Termination "normal"]
[Board "23"]
[WhiteElo "1790"]
[BlackElo "1835"]
[PlyCount "88"]
[WhiteFideId "12981982"]
[BlackFideId "16208951"]
[EventCountry "GER"]
[EventRounds "9"]
[EventType "swiss"]
[EventDate "2022.06.04"]

1. e4 g6 2. d4 Bg7 3. Nc3 c6 4. Bc4 d6 5. Be3 Nf6 6. f3 d5 7. Bb3 b5 8. e5 Ng8
9. a4 b4 10. Nce2 a5 11. Nf4 Nh6 12. g4 f6 13. Nd3 Qc7 14. exf6 exf6 15. Ne2
Nf7 16. h4 Nd6 17. Nef4 Nc4 18. Bxc4 dxc4 19. Nc5 Na6 20. Nce6 Bxe6 21. Nxe6
Qe7 22. Nxg7+ Qxg7 23. Qe2 Qf7 24. Bh6+ Kd7 25. O-O-O Rhe8 26. Qf2 Nc7 27. h5
Nd5 28. hxg6 hxg6 29. f4 Re4 30. Rhe1 Rae8 31. Rxe4 Rxe4 32. Re1 Qe7 33. Rxe4
Qxe4 34. g5 f5 35. Bf8 Qxf4+ 36. Qxf4 Nxf4 37. Bc5 Kc7 38. Kd2 Ne6 39. Be7 Nxd4
40. c3 Kd7 41. Bf6 Ne6 42. cxb4 axb4 43. Ke3 c5 44. Kd2 Kc6 0-1

[Event "ODJM A 2022"]
[Site "Willingen GER"]
[Date "2022.06.11"]
[Round "9"]
[White "Kamp, Aaron"]
[Black "Garbuz, Nicole"]
[Result "1-0"]
[Termination "normal"]
[Board "24"]
[WhiteElo "1790"]
[BlackElo "1824"]
[PlyCount "119"]
[WhiteFideId "16231120"]
[BlackFideId "12990701"]
[EventCountry "GER"]
[EventRounds "9"]
[EventType "swiss"]
[EventDate "2022.06.04"]

1. e4 e5 2. d4 exd4 3. Qxd4 Nc6 4. Qe3 Nf6 5. Bd2 d6 6. Nc3 a6 7. O-O-O Bd7 8.
h3 Qe7 9. g4 h6 10. f4 O-O-O 11. g5 hxg5 12. fxg5 Nh5 13. Nd5 Qe8 14. Ne2 Kb8
15. Nec3 Be6 16. Be2 Bxd5 17. Nxd5 Ne7 18. Ba5 Nxd5 19. Rxd5 Qc6 20. Rhd1 g6
21. Rc5 dxc5 22. Rxd8+ Ka7 23. Bxh5 gxh5 24. Rc8 b6 25. Bc3 Qd7 26. Rxc7+ Qxc7
27. Bxh8 h4 28. Qf2 Bd6 29. e5 Bxe5 30. Bxe5 Qxe5 31. Qxf7+ Kb8 32. Qg8+ Kc7
33. Qh7+ Kb8 34. Qxh4 Qe3+ 35. Kd1 Qg1+ 36. Kd2 Qg2+ 37. Kd3 Qd5+ 38. Ke3 Qe5+
39. Kf3 Qxb2 40. Qf4+ Kc8 41. Qc4 Kb7 42. Kg4 Qc1 43. h4 Qg1+ 44. Kf5 b5 45.
Qe4+ Kb6 46. Kf6 Qa1+ 47. Kf7 Qf1+ 48. Kg7 Qa1+ 49. Kh7 Qd1 50. Kh6 Qd8 51. g6
Qh8+ 52. Kg5 Qd8+ 53. Kf5 Qf8+ 54. Kg4 Ka5 55. Qf5 Qe7 56. h5 Qe2+ 57. Kg5 Qd2+
58. Kf6 Qd8+ 59. Kf7 Qc7+ 60. Kg8 1-0

[Event "ODJM A 2022"]
[Site "Willingen GER"]
[Date "2022.06.11"]
[Round "9"]
[White "Heß, Wadim"]
[Black "Kesselmeier, Kevin"]
[Result "0-1"]
[Termination "normal"]
[Board "25"]
[WhiteElo "1374"]
[BlackElo "1927"]
[PlyCount "54"]
[WhiteFideId "16266129"]
[BlackFideId "16217551"]
[EventCountry "GER"]
[EventRounds "9"]
[EventType "swiss"]
[EventDate "2022.06.04"]

1. d4 d5 2. Nf3 Nf6 3. e3 c5 4. Bd3 Nc6 5. O-O Bg4 6. Be2 e6 7. c3 Bd6 8. dxc5
Bxc5 9. b4 Bd6 10. Nbd2 O-O 11. Bb2 Rc8 12. a3 Qe7 13. c4 Rfd8 14. cxd5 Nxd5
15. Qb3 Bb8 16. Ne4 Qc7 17. Ng3 h5 18. b5 Na5 19. Qa4 Qc2 20. Qxa5 Qxb2 21.
Rab1 Qc3 22. Qa4 Qc7 23. Rbc1 Qxc1 24. Rxc1 Rxc1+ 25. Nf1 Nc3 26. Qc4 Nxe2+ 27.
Qxe2 Rdd1 0-1

[Event "ODJM A 2022"]
[Site "Willingen GER"]
[Date "2022.06.11"]
[Round "9"]
[White "Poggemann, Alexander"]
[Black "Scherer, Josua"]
[Result "1/2-1/2"]
[Termination "normal"]
[Board "26"]
[WhiteElo "1829"]
[BlackElo "1856"]
[PlyCount "40"]
[WhiteFideId "16224167"]
[BlackFideId "16244486"]
[EventCountry "GER"]
[EventRounds "9"]
[EventType "swiss"]
[EventDate "2022.06.04"]

1. e4 e5 2. Nf3 Nc6 3. Bc4 Bc5 4. c3 Nf6 5. d4 exd4 6. e5 d5 7. Be2 Ne4 8. cxd4
Bb6 9. O-O O-O 10. Nc3 f6 11. Na4 fxe5 12. Nxb6 axb6 13. Nxe5 Nxe5 14. dxe5 c6
15. f3 Ng5 16. f4 Ne4 17. Be3 Be6 18. Bg4 Qd7 19. Bxe6+ Qxe6 20. Bxb6 c5
1/2-1/2